000 00650nam a2200241Ia 4500
003 OSt
005 20220918225028.0
006 a|||||r|||| 00| 0
007 ta
008 220917b |||||||| |||| 00| 0 eng d
024 _a236,247
037 _cTextual
040 _aARTS
_cARTS
_beng
041 _2eng
_aeng
082 _aU21, K2;K7
100 _aKing Lester C.
_993961
245 0 _aMorphology of the earth
_b a study and synthesis of world scenery
260 _aEdinburgh
_bOliver and Boyd
300 _a709p
_ccm.
650 _aGEOGRAPHY
942 _hU21, K2;K7
_cTEXL
_2CC
999 _c283175
_d283175